Las asociaciones holguineras en los años 1940-1950 /
El artículo examina el papel y la importancia de las asociaciones en la ciudad de Holguín durante las décadas de 1940 y 1950. El autor analiza cómo estas asociaciones funcionaron como espacios de encuentro y organización para diversos grupos sociales y profesionales, y cómo contribuyeron al desarrol...
Gorde:
| Egile nagusia: | |
|---|---|
| Beste egile batzuk: | |
| Formatua: | Liburua |
| Hizkuntza: | Spanish |
| Gaiak: | |
| Sarrera elektronikoa: | texto completo desde el sitio de la revista |
| Etiketak: |
Etiketa erantsi
Etiketarik gabe, Izan zaitez lehena erregistro honi etiketa jartzen!
|
MARC
| LEADER | 00000nam a22000007a 4500 | ||
|---|---|---|---|
| 003 | cru CIDCACS/IIS | ||
| 005 | 20230818182836.0 | ||
| 008 | 191120t2019 cr |||||r||||||0| ||spa|d | ||
| 040 | |c cru CIDCACS/IIS | ||
| 100 | 1 | |9 8796 |a Hernández Basulto, Osmany | |
| 245 | 1 | 4 | |a Las asociaciones holguineras en los años 1940-1950 / |c Osmany Hernández Basulto, Isel Ramírez Berdut |
| 300 | |a páginas 195-205 | ||
| 520 | |a El artículo examina el papel y la importancia de las asociaciones en la ciudad de Holguín durante las décadas de 1940 y 1950. El autor analiza cómo estas asociaciones funcionaron como espacios de encuentro y organización para diversos grupos sociales y profesionales, y cómo contribuyeron al desarrollo cultural, social y económico de la comunidad. Se exploran las diferentes áreas en las que estas asociaciones estaban involucradas, como la educación, la salud, la cultura y el deporte, así como su participación en proyectos comunitarios y la promoción de la identidad local. Además, se examina el contexto histórico y social en el que surgieron estas asociaciones y cómo influyeron en la vida de los habitantes de Holguín. El artículo resalta la importancia de las asociaciones como agentes de cambio y desarrollo en la comunidad.RAR | ||
| 650 | 0 | |2 OCDE |9 2449 |a SALUD | |
| 650 | 0 | |2 OCDE |9 126 |a CULTURA | |
| 650 | 0 | |2 OCDE |9 4508 |a DEPORTES | |
| 650 | 0 | |2 OCDE |9 2527 |a PARTICIPACION COMUNITARIA | |
| 700 | 1 | |9 8797 |a Ramírez Berdut, Isel | |
| 773 | 0 | |0 18728 |9 3538 |a Universidad de Costa Rica. |d San José, Costa Rica Editorial UCR 1959- |o 19104 |t Revista de Ciencias Sociales/ |x 04825276 | |
| 856 | |u https://revistas.ucr.ac.cr/index.php/sociales/article/view/38525/39341 |y texto completo desde el sitio de la revista | ||
| 942 | |2 ddc |c PP | ||
| 999 | |c 42615 |d 42615 | ||
